ბათუმის შოთა რუსთაველის სახელმწიფო უნივერსიტეტის ბიბლიოთეკა

Теоремы и задачи функционального анализа учеб. пособие для студ. физ. мат.спец. высших учеб заведений (ბიბ.ჩანაწერი № 39016)

000 -LEADER
fixed length control field 00689nam a2200193Ia 4500
001 - CONTROL NUMBER
control field 5521
003 - CONTROL NUMBER IDENTIFIER
control field GE_BSU
008 - FIXED-LENGTH DATA ELEMENTS--GENERAL INFORMATION
fixed length control field 181216s||||||||xx |||||||||||||| ||und||
040 ## - CATALOGING SOURCE
Transcribing agency GE_BSU
080 ## - UNIVERSAL DECIMAL CLASSIFICATION NUMBER
Universal Decimal Classification number 517.98(075.8)
100 ## - MAIN ENTRY--PERSONAL NAME
Personal name Кириллов, А. А А. Д. Гвишиани.
245 ## - TITLE STATEMENT
Title Теоремы и задачи функционального анализа учеб. пособие для студ. физ. мат.спец. высших учеб заведений
260 ## - PUBLICATION, DISTRIBUTION, ETC.
Place of publication, distribution, etc. Москва
260 ## - PUBLICATION, DISTRIBUTION, ETC.
Name of publisher, distributor, etc. Наука
260 ## - PUBLICATION, DISTRIBUTION, ETC.
Date of publication, distribution, etc. 1979.
300 ## - PHYSICAL DESCRIPTION
Extent 380.с21 см.
653 ## - INDEX TERM--UNCONTROLLED
Uncontrolled term Теоремы и задачи функционального анализа
942 ## - ADDED ENTRY ELEMENTS (KOHA)
Koha item type წიგნი

არაა ხელმისაწვდომი ეგზემპლარები.